[Event "The Irish Championship 2020"]
[Site "Colaiste Eanna, Dublin, Ireland"]
[Date "2020.08.02"]
[Round "2"]
[Board "4"]
[White "Moran, Darragh"]
[Black "Daly, Colm"]
[Result "0-1"]
[WhiteElo "1873"]
[BlackElo "2248"]
[PlyCount "0"]
[EventDate "2020.08.01"]
[EventRounds "9"]
[EventCountry "IRL"]

1. d4 {[%clk 02:16:09]} {[%emt 00:01:45]} Nf6 {[%clk 02:11:01]} 2. Nf3 {[%clk
02:16:10]} e6 {[%clk 02:06:29]} 3. g3 {[%clk 02:15:14]} b5 {[%clk 02:06:32]} 4.
Bg2 {[%clk 02:14:49]} Bb7 {[%clk 02:07:05]} 5. O-O {[%clk 02:14:18]} Be7 {[%clk
02:07:09]} 6. Nbd2 {[%clk 02:10:09]} O-O {[%clk 02:07:23]} 7. Re1 {[%clk
02:10:03]} d6 {[%clk 02:04:50]} 8. c3 {[%clk 02:08:22]} Nbd7 {[%clk 02:05:28]}
9. e4 {[%clk 02:04:28]} e5 {[%clk 02:01:52]} 10. Qe2 {[%clk 02:04:28]} a6 11.
a4 {[%clk 01:54:51]} Qb8 {[%clk 02:01:52]} 12. b4 {[%clk 01:51:11]} {[%emt
00:02:25]} Re8 {[%clk 01:49:19]} {[%emt 00:13:07]} 13. dxe5 {[%clk 01:48:40]}
{[%emt 00:03:07]} dxe5 {[%clk 01:49:03]} {[%emt 00:00:51]} 14. Bb2 {[%clk
01:48:40]} {[%emt 00:00:36]} c6 {[%clk 01:46:01]} {[%emt 00:03:36]} 15. Nb3
{[%clk 01:39:19]} {[%emt 00:09:57]} c5 {[%clk 01:44:18]} {[%emt 00:02:17]} 16.
Nxc5 {[%clk 01:38:32]} {[%emt 00:01:21]} Bxc5 {[%clk 01:31:26]} {[%emt
00:13:27]} 17. bxc5 {[%clk 01:35:41]} {[%emt 00:03:27]} Nxc5 {[%clk 01:28:55]}
{[%emt 00:03:06]} 18. axb5 {[%clk 01:31:38]} {[%emt 00:04:39]} Bxe4 {[%clk
01:28:48]} {[%emt 00:00:42]} 19. c4 {[%clk 01:06:35]} {[%emt 00:25:38]} Nd3
{[%clk 01:07:04]} {[%emt 00:22:19]} 20. Red1 {[%clk 01:05:37]} {[%emt
00:01:33]} Nxb2 {[%clk 01:03:07]} {[%emt 00:04:33]} 21. Qxb2 {[%clk 01:05:46]}
{[%emt 00:00:26]} Qb7 {[%clk 00:59:02]} {[%emt 00:04:40]} 22. Ne1 {[%clk
01:04:10]} {[%emt 00:02:10]} Bxg2 {[%clk 00:58:55]} {[%emt 00:00:42]} 23. Nxg2
{[%clk 01:04:37]} {[%emt 00:00:09]} Ne4 {[%clk 00:56:54]} {[%emt 00:02:36]} 24.
Rdb1 {[%clk 00:57:42]} {[%emt 00:07:30]} Rad8 {[%clk 00:53:58]} {[%emt
00:03:31]} 25. bxa6 {[%clk 00:56:12]} {[%emt 00:02:05]} Rd1+ {[%clk 00:54:08]}
{[%emt 00:00:26]} 26. Rxd1 {[%clk 00:54:52]} {[%emt 00:01:54]} Qxb2 {[%clk
00:54:28]} {[%emt 00:00:15]} 27. a7 {[%clk 00:53:53]} {[%emt 00:01:34]} Qxf2+
{[%clk 00:54:00]} {[%emt 00:01:03]} 28. Kh1 {[%clk 00:54:26]} {[%emt 00:00:02]}
Qb6 {[%clk 00:48:42]} {[%emt 00:05:52]} 29. Ne3 {[%clk 00:50:27]} {[%emt
00:04:35]} Qxe3 {[%clk 00:38:21]} {[%emt 00:10:55]} 30. a8=Q {[%clk 00:50:15]}
{[%emt 00:00:48]} Qf3+ {[%clk 00:38:34]} {[%emt 00:00:22]} 31. Kg1 {[%clk
00:50:44]} {[%emt 00:00:06]} Qxd1+ {[%clk 00:38:59]} {[%emt 00:00:11]} 32. Kg2
{[%clk 00:50:46]} {[%emt 00:00:32]} Qe2+ {[%clk 00:36:49]} {[%emt 00:02:46]} 33.
Kg1 {[%clk 00:50:16]} {[%emt 00:01:04]} Qf2+ {[%clk 00:27:13]} {[%emt
00:10:12]} 34. Kh1 {[%clk 00:50:44]} {[%emt 00:00:07]} Qf1+ {[%clk 00:27:43]}
{[%emt 00:00:05]}  0-1

[Event "The Irish Championship 2020"]
[Site "Colaiste Eanna, Dublin, Ireland"]
[Date "2020.08.02"]
[Round "2"]
[Board "5"]
[White "Murray, David"]
[Black "Casey, Eoghan"]
[Result "1-0"]
[WhiteElo "2152"]
[BlackElo "1954"]
[PlyCount "0"]
[EventDate "2020.08.01"]
[EventRounds "9"]
[EventCountry "IRL"]

1. e4 {[%clk 02:16:03]} c5 {[%clk 02:09:09]} 2. Nf3 {[%clk 02:16:27]} d6 {[%clk
02:09:39]} 3. d4 {[%clk 02:16:39]} cxd4 {[%clk 02:10:03]} 4. Nxd4 {[%clk
02:17:06]} Nf6 {[%clk 02:10:27]} 5. f3 {[%clk 02:17:20]} e5 {[%clk 02:00:39]} 6.
Bb5+ {[%clk 02:17:04]} Bd7 {[%clk 01:53:19]} 7. Bxd7+ {[%clk 02:17:16]} Qxd7
{[%clk 01:53:10]} 8. Nf5 {[%clk 02:13:31]} d5 {[%clk 01:24:37]} {[%emt
00:13:07]} 9. Bg5 {[%clk 02:10:43]} {[%emt 00:03:23]} dxe4 {[%clk 01:05:16]}
{[%emt 00:19:57]} 10. Bxf6 {[%clk 02:08:41]} {[%emt 00:02:36]} Qxd1+ {[%clk
00:59:09]} {[%emt 00:06:42]} 11. Kxd1 {[%clk 02:09:06]} {[%emt 00:00:12]} gxf6
{[%clk 00:59:35]} {[%emt 00:00:09]} 12. fxe4 {[%clk 02:08:39]} {[%emt
00:01:02]} Rg8 {[%clk 00:54:31]} {[%emt 00:05:39]} 13. g3 {[%clk 02:06:34]}
{[%emt 00:02:39]} Nc6 {[%clk 00:42:07]} {[%emt 00:13:00]} 14. Nc3 {[%clk
02:01:42]} {[%emt 00:05:27]} O-O-O+ {[%clk 00:38:13]} {[%emt 00:04:28]} 15. Nd5
{[%clk 01:58:10]} {[%emt 00:04:07]} Rg4 {[%clk 00:23:58]} {[%emt 00:14:51]} 16.
Re1 {[%emt 00:14:32]} Nb4 {[%clk 00:18:18]} 17. h3 {[%clk 01:44:28]} {[%emt
00:06:34]} Rg5 {[%clk 00:14:48]} {[%emt 00:04:06]} 18. c4 {[%clk 01:41:07]}
{[%emt 00:03:55]} Bc5 {[%clk 00:11:21]} {[%emt 00:04:01]} 19. Re2 {[%clk
01:34:06]} {[%emt 00:07:37]} Nd3 {[%clk 00:09:45]} {[%emt 00:02:11]} 20. Kc2
{[%clk 01:30:51]} {[%emt 00:03:50]} Nb4+ {[%clk 00:05:30]} {[%emt 00:04:51]} 21.
Nxb4 {[%clk 01:27:00]} {[%emt 00:04:26]} Bxb4 {[%clk 00:06:01]} {[%emt
00:00:05]} 22. Rd1 {[%clk 01:26:09]} {[%emt 00:01:25]} Rxd1 {[%clk 00:03:52]}
{[%emt 00:02:44]} 23. Kxd1 {[%clk 01:26:34]} {[%emt 00:00:10]} Rg8 {[%clk
00:04:19]} {[%emt 00:00:07]} 24. Kc2 {[%clk 01:22:25]} {[%emt 00:04:44]} a5
{[%clk 00:03:55]} {[%emt 00:01:00]} 25. Rd2 {[%clk 01:20:11]} {[%emt 00:02:48]}
Rd8 {[%clk 00:01:32]} {[%emt 00:02:58]} 26. Rd5 {[%clk 01:18:47]} {[%emt
00:01:59]} Rxd5 {[%clk 00:01:18]} {[%emt 00:00:49]} 27. exd5 {[%clk 01:16:36]}
{[%emt 00:02:46]} Kd7 {[%clk 00:01:24]} {[%emt 00:00:30]} 28. Kd3 {[%clk
01:16:26]} {[%emt 00:00:44]} Be1 {[%clk 00:01:06]} {[%emt 00:00:53]} 29. g4
{[%clk 01:14:34]} {[%emt 00:02:26]} Bb4 {[%clk 00:00:59]} {[%emt 00:00:42]} 30.
Ke4 {[%clk 01:14:18]} {[%emt 00:00:52]} Bf8 {[%clk 00:00:48]} {[%emt 00:00:46]}
31. Kd3 {[%clk 01:13:04]} {[%emt 00:01:49]} Kc7 {[%clk 00:00:47]} {[%emt
00:00:37]} 32. Ng3 {[%clk 01:13:15]} {[%emt 00:00:23]} b6 {[%clk 00:00:55]}
{[%emt 00:00:28]} 33. Ne4 {[%clk 01:12:28]} {[%emt 00:01:22]} Bg7 {[%clk
00:01:07]} {[%emt 00:00:23]} 34. Kc2 {[%clk 01:10:38]} {[%emt 00:02:24]} Kd7
{[%clk 00:00:39]} {[%emt 00:01:04]} 35. Kb3 {[%clk 01:10:45]} {[%emt 00:00:27]}
h5 {[%clk 00:00:48]} {[%emt 00:00:27]} 36. Ka4 {[%clk 01:10:01]} {[%emt
00:01:18]} hxg4 {[%clk 00:01:14]} {[%emt 00:00:10]} 37. hxg4 {[%clk 01:10:21]}
{[%emt 00:00:14]} Kc7 {[%clk 00:00:42]} {[%emt 00:01:09]} 38. Kb5 {[%clk
01:10:31]} {[%emt 00:00:23]} Bf8 {[%clk 00:00:45]} {[%emt 00:00:32]} 39. Nxf6
{[%clk 01:09:41]} {[%emt 00:01:24]} Be7 {[%clk 00:00:40]} {[%emt 00:00:41]} 40.
Ne4 {[%clk 01:09:33]} {[%emt 00:00:42]} Bd6 {[%clk 00:00:39]} {[%emt 00:00:37]}
41. a3 {[%clk 01:00:18]} {[%emt 00:09:49]} Bf8 {[%clk 00:00:55]} {[%emt
00:00:19]} 42. b4 {[%clk 01:00:39]} {[%emt 00:00:15]} axb4 {[%clk 00:00:54]}
{[%emt 00:00:36]} 43. axb4 {[%clk 01:01:06]} {[%emt 00:00:08]} Be7 {[%clk
00:01:06]} {[%emt 00:00:23]} 44. c5 {[%clk 00:59:16]} {[%emt 00:02:25]} bxc5
{[%clk 00:01:36]} {[%emt 00:00:05]} 45. bxc5 {[%clk 00:59:20]} {[%emt
00:00:31]} Kb7 {[%clk 00:00:44]} {[%emt 00:01:27]} 46. d6 {[%clk 00:58:17]}
{[%emt 00:01:37]} Bd8 {[%clk 00:01:08]} {[%emt 00:00:12]} 47. c6+ {[%clk
00:58:38]} {[%emt 00:00:14]} Kc8 {[%clk 00:01:37]} {[%emt 00:00:06]} 48. Kc4
{[%clk 00:58:56]} {[%emt 00:00:18]} Bb6 {[%clk 00:01:19]} {[%emt 00:00:54]} 49.
Kd5 {[%clk 00:58:42]} {[%emt 00:00:48]} Bd4 {[%clk 00:01:30]} {[%emt 00:00:24]}
50. Ng5 {[%clk 00:58:11]} {[%emt 00:01:05]} f6 {[%clk 00:00:57]} {[%emt
00:01:08]} 51. d7+ {[%clk 00:58:31]} {[%emt 00:00:15]}  1-0

[Event "The Irish Championship 2020"]
[Site "Colaiste Eanna, Dublin, Ireland"]
[Date "2020.08.02"]
[Round "2"]
[Board "6"]
[White "O'Connell, Gerard"]
[Black "Jackson, Carl"]
[Result "0-1"]
[WhiteElo "2075"]
[BlackElo "2021"]
[PlyCount "0"]
[EventDate "2020.08.01"]
[EventRounds "9"]
[EventCountry "IRL"]

1. d4 {[%clk 02:16:07]} {[%emt 00:00:03]} e6 {[%clk 02:14:06]} {[%emt
00:02:05]} 2. c4 {[%clk 02:15:48]} {[%emt 00:00:54]} b6 {[%clk 02:14:20]}
{[%emt 00:00:21]} 3. Nf3 {[%clk 02:15:58]} {[%emt 00:00:24]} Bb7 {[%clk
02:14:42]} {[%emt 00:00:13]} 4. g3 {[%clk 02:16:15]} {[%emt 00:00:19]} Bb4+
{[%clk 02:14:27]} {[%emt 00:00:49]} 5. Bd2 {[%clk 02:16:15]} {[%emt 00:00:35]}
Bxf3 {[%clk 02:14:00]} {[%emt 00:01:02]} 6. exf3 {[%clk 02:16:43]} {[%emt
00:00:07]} Bxd2+ {[%clk 02:14:25]} {[%emt 00:00:10]} 7. Qxd2 {[%clk 02:15:43]}
{[%emt 00:01:35]} Qf6 {[%clk 02:09:15]} {[%emt 00:05:45]} 8. Bg2 {[%clk
02:13:05]} {[%emt 00:03:13]} c6 {[%emt 00:13:52]} 9. O-O Ne7 10. Nc3 O-O {[%clk
02:05:10]} 11. d5 {[%clk 01:41:39]} exd5 {[%emt 00:32:35]} 12. cxd5 Nxd5 13.
Nxd5 cxd5 14. f4 Nc6 15. Bxd5 Rac8 16. Rfd1 Ne7 17. Rac1 Rxc1 18. Qxc1 Nxd5
{[%clk 01:58:20]} 19. Rxd5 {[%clk 01:35:34]} Qe6 {[%clk 01:16:13]} {[%emt
01:18:43]} 20. Qd2 {[%clk 01:12:35]} Rd8 {[%clk 01:14:46]} {[%emt 00:04:25]} 21.
f5 {[%clk 00:57:23]} Qc6 {[%emt 00:21:11]} 22. b4 f6 23. b5 Qc7 24. h4 d6 25.
Kh2 h6 {[%clk 01:09:56]} 26. Kh3 {[%clk 00:51:43]} Kh7 {[%clk 00:39:03]} {[%emt
00:43:36]} 27. a4 {[%clk 00:49:04]} Qc4 {[%clk 00:27:47]} {[%emt 00:13:52]} 28.
Rd4 {[%clk 00:41:32]} Qf1+ {[%emt 00:19:04]} 29. Kg4 Re8 30. f3 h5+ {[%clk
00:17:25]} 31. Kxh5 {[%clk 00:41:37]} Qxf3+ {[%clk 00:11:50]} {[%emt 00:10:32]}
32. g4 {[%clk 00:40:11]} Re5 {[%clk 00:12:05]} {[%emt 00:00:50]} 33. Qf4 {[%clk
00:38:10]} g6# {[%clk 00:12:05]}  0-1

[Event "The Irish Championship 2020"]
[Site "Colaiste Eanna, Dublin, Ireland"]
[Date "2020.08.02"]
[Round "2"]
[Board "7"]
[White "Collins, Adam"]
[Black "Putar, Leon"]
[Result "1/2-1/2"]
[WhiteElo "1760"]
[BlackElo "1894"]
[PlyCount "0"]
[EventDate "2020.08.01"]
[EventRounds "9"]
[EventCountry "IRL"]

1. e4 {[%clk 02:16:03]} e6 {[%clk 02:15:43]} 2. b3 {[%clk 02:15:25]} d5 {[%clk
02:15:03]} 3. Bb2 {[%clk 02:15:49]} dxe4 {[%clk 02:09:22]} 4. Nc3 {[%clk
02:16:20]} Nf6 {[%clk 02:09:26]} 5. Qe2 {[%clk 02:16:50]} Be7 {[%clk 02:07:22]}
6. O-O-O {[%clk 02:13:25]} c5 {[%clk 02:04:43]} 7. Nxe4 {[%clk 02:09:17]} Nc6
{[%clk 02:02:37]} 8. Nf3 {[%clk 02:04:04]} Nxe4 {[%clk 01:49:57]} 9. Qxe4
{[%clk 02:04:31]} Bf6 {[%clk 01:50:18]} 10. d4 {[%clk 01:56:28]} {[%emt
00:06:10]} Qa5 {[%clk 01:42:21]} {[%emt 00:08:33]} 11. Kb1 {[%clk 01:50:38]}
{[%emt 00:06:24]} Nb4 {[%clk 01:31:16]} {[%emt 00:11:42]} 12. a3 {[%clk
01:45:59]} {[%emt 00:05:15]} Nd5 {[%clk 01:29:14]} {[%emt 00:02:36]} 13. Qd3
{[%clk 01:34:30]} {[%emt 00:12:03]} Bd7 {[%clk 01:17:17]} {[%emt 00:12:32]} 14.
c4 {[%clk 01:18:45]} {[%emt 00:16:19]} Nb6 {[%clk 01:12:17]} {[%emt 00:05:36]}
15. Ka2 {[%clk 00:52:12]} {[%emt 00:27:08]} cxd4 {[%clk 01:03:05]} {[%emt
00:09:48]} 16. Bxd4 {[%clk 00:43:57]} {[%emt 00:08:50]} Be7 {[%clk 00:43:26]}
{[%emt 00:20:15]} 17. b4 {[%clk 00:22:08]} {[%emt 00:22:24]} Qa4 {[%clk
00:34:49]} {[%emt 00:09:11]} 18. Bc5 {[%clk 00:16:25]} {[%emt 00:06:16]} Bf6
{[%clk 00:26:10]} {[%emt 00:09:15]} 19. b5 {[%clk 00:12:41]} {[%emt 00:04:19]}
Bxb5 {[%clk 00:19:44]} {[%emt 00:07:01]} 20. cxb5 {[%clk 00:08:21]} {[%emt
00:04:55]} Rd8 {[%clk 00:20:15]} {[%emt 00:00:05]} 21. Nd4 {[%clk 00:07:02]}
{[%emt 00:01:53]} Rd5 {[%clk 00:19:47]} {[%emt 00:01:03]} 22. Bxb6 {[%clk
00:03:20]} {[%emt 00:04:17]} axb6 {[%clk 00:19:57]} {[%emt 00:00:24]} 23. Qb3
{[%clk 00:03:40]} {[%emt 00:00:15]} Qxb3+ {[%clk 00:19:35]} {[%emt 00:00:57]}
24. Kxb3 {[%clk 00:04:08]} {[%emt 00:00:07]} Rxd4 {[%clk 00:19:57]} {[%emt
00:00:13]} 25. Be2 {[%clk 00:04:01]} {[%emt 00:00:41]} Ke7 {[%clk 00:19:17]}
{[%emt 00:01:15]} 26. Bf3 {[%clk 00:02:21]} {[%emt 00:02:15]} Rhd8 {[%clk
00:18:48]} {[%emt 00:01:04]} 27. Rxd4 {[%clk 00:02:44]} {[%emt 00:00:12]} Rxd4
{[%clk 00:19:08]} {[%emt 00:00:14]} 28. Rd1 {[%clk 00:03:11]} {[%emt 00:00:09]}
Kd6 {[%clk 00:18:27]} {[%emt 00:01:16]} 29. a4 {[%clk 00:02:54]} {[%emt
00:00:53]} Kc5 {[%clk 00:18:14]} {[%emt 00:00:48]} 30. Rc1+ {[%clk 00:03:05]}
{[%emt 00:00:23]} Kd6 {[%clk 00:18:06]} {[%emt 00:00:44]} 31. Bxb7 {[%clk
00:02:39]} {[%emt 00:01:00]} Kd7 {[%emt 00:02:47]}  1/2-1/2

[Event "The Irish Championship 2020"]
[Site "Colaiste Eanna, Dublin, Ireland"]
[Date "2020.08.02"]
[Round "2"]
[Board "8"]
[White "Delaney, Killian"]
[Black "Putar, Lara"]
[Result "1-0"]
[WhiteElo "2314"]
[BlackElo "1834"]
[PlyCount "0"]
[EventDate "2020.08.01"]
[EventRounds "9"]
[EventCountry "IRL"]

1. e4 {[%clk 02:14:43]} {[%emt 00:07:39]} e6 {[%clk 02:15:42]} 2. d4 {[%clk
02:15:10]} d5 {[%clk 02:15:56]} 3. Nc3 {[%clk 02:15:39]} Bb4 {[%clk 02:15:53]}
4. e5 {[%clk 02:16:02]} c5 {[%clk 02:15:22]} 5. a3 {[%clk 02:16:26]} Bxc3+
{[%clk 02:15:30]} 6. bxc3 {[%clk 02:16:58]} Qa5 {[%clk 02:15:25]} 7. Bd2 {[%clk
02:17:15]} Qa4 {[%clk 02:15:51]} 8. Qg4 {[%clk 02:17:41]} Kf8 {[%clk 02:15:44]}
9. h4 {[%clk 02:18:09]} Qxc2 {[%clk 02:11:26]} 10. Nf3 {[%clk 02:14:35]} Ne7
{[%clk 02:04:12]} 11. Rc1 {[%clk 02:13:10]} Qa4 {[%clk 01:51:58]} 12. h5 {[%clk
02:11:44]} h6 {[%clk 01:51:54]} 13. Rh3 {[%clk 01:59:48]} {[%emt 00:04:48]}
Nbc6 {[%clk 01:41:38]} {[%emt 00:10:52]} 14. Bd3 {[%clk 01:56:22]} {[%emt
00:04:01]} Nf5 {[%clk 01:33:52]} {[%emt 00:08:22]} 15. Qf4 {[%clk 01:54:37]}
{[%emt 00:02:19]} Ke8 {[%clk 00:56:18]} {[%emt 00:38:10]} 16. g4 {[%clk
01:48:24]} {[%emt 00:06:46]} Nfe7 {[%clk 00:56:22]} {[%emt 00:00:32]} 17. dxc5
{[%clk 01:14:48]} {[%emt 00:34:11]} Qxa3 {[%clk 00:44:25]} {[%emt 00:12:33]} 18.
Nd4 {[%clk 01:08:15]} {[%emt 00:07:08]} a6 {[%clk 00:32:42]} {[%emt 00:12:18]}
19. Rf3 {[%clk 01:08:37]} {[%emt 00:00:12]} Rf8 {[%clk 00:31:53]} {[%emt
00:01:25]} 20. Bg6 {[%clk 01:04:05]} {[%emt 00:05:07]} Nxg6 {[%clk 00:20:17]}
{[%emt 00:12:13]} 21. hxg6 {[%clk 01:04:04]} {[%emt 00:00:33]} f6 {[%clk
00:15:20]} {[%emt 00:05:34]} 22. Nxc6 {[%clk 00:45:32]} {[%emt 00:19:08]} bxc6
{[%clk 00:14:47]} {[%emt 00:01:08]} 23. Qe3 {[%clk 00:45:54]} {[%emt 00:00:12]}
f5 {[%clk 00:10:57]} {[%emt 00:04:26]} 24. Qd4 {[%clk 00:32:43]} {[%emt
00:13:45]} Ra7 {[%clk 00:08:04]} {[%emt 00:03:28]} 25. Rb1 {[%clk 00:32:09]}
{[%emt 00:01:09]} Kd8 {[%clk 00:06:39]} {[%emt 00:02:01]} 26. Rb6 {[%clk
00:22:38]} {[%emt 00:10:04]} Kc7 {[%clk 00:05:51]} {[%emt 00:01:24]} 27. gxf5
{[%clk 00:21:07]} {[%emt 00:02:06]} exf5 {[%clk 00:05:48]} {[%emt 00:00:38]} 28.
e6 {[%clk 00:21:36]} {[%emt 00:00:04]} Rf6 {[%clk 00:03:11]} {[%emt 00:03:12]}
29. Qe5+ {[%clk 00:21:54]} {[%emt 00:00:16]} Kd8 {[%clk 00:03:09]} {[%emt
00:00:38]} 30. Rb8 {[%clk 00:21:07]} {[%emt 00:01:21]} Qa1+ {[%clk 00:00:41]}
{[%emt 00:03:05]} 31. Ke2 {[%clk 00:21:36]} {[%emt 00:00:03]} Rxe6 {[%clk
00:01:06]} {[%emt 00:00:13]} 32. Qxe6 {[%clk 00:21:52]} {[%emt 00:00:38]}  1-0

[Event "The Irish Championship 2020"]
[Site "Colaiste Eanna, Dublin, Ireland"]
[Date "2020.08.02"]
[Round "2"]
[Board "9"]
[White "Collins, Sam"]
[Black "Wallace, Paul"]
[Result "1-0"]
[WhiteElo "2459"]
[BlackElo "2168"]
[PlyCount "0"]
[EventDate "2020.08.01"]
[EventRounds "9"]
[EventCountry "IRL"]

1. d4 {[%emt 00:35:00]} Nf6 {[%emt 00:00:17]} 2. Nf3 {[%emt 00:00:05]} g6
{[%emt 00:00:34]} 3. Bg5 {[%emt 00:00:08]} Bg7 {[%emt 00:00:25]} 4. Nbd2 {[%emt
00:00:29]} d5 {[%emt 00:02:49]} 5. e3 {[%emt 00:00:27]} O-O {[%emt 00:04:27]} 6.
c3 {[%emt 00:00:44]} b6 {[%emt 00:04:46]} 7. a4 {[%emt 00:03:10]} a5 {[%emt
00:06:24]} 8. Bd3 {[%emt 00:03:09]} Ba6 {[%emt 00:04:56]} 9. Bxa6 {[%emt
00:01:21]} Nxa6 {[%emt 00:00:23]} 10. O-O {[%emt 00:00:45]} c5 {[%emt
00:05:51]} 11. Qe2 {[%emt 00:01:20]} Nb8 {[%emt 00:04:20]} 12. e4 {[%emt
00:08:16]} dxe4 {[%emt 00:12:38]} 13. Nxe4 {[%emt 00:02:44]} Nbd7 {[%emt
00:00:25]} 14. dxc5 {[%emt 00:02:19]} bxc5 {[%emt 00:06:17]} 15. Nxf6+ {[%emt
00:03:40]} Nxf6 {[%emt 00:02:11]} 16. Rfe1 {[%emt 00:11:50]} e6 {[%emt
00:11:52]} 17. Ne5 {[%emt 00:07:49]} Qc7 {[%emt 00:03:28]} 18. Nc4 {[%emt
00:01:44]} Nd5 {[%emt 00:01:46]} 19. Bh4 {[%emt 00:02:56]} Bh6 {[%emt
00:24:07]} 20. Bg3 {[%emt 00:13:16]} Bf4 {[%emt 00:00:21]} 21. Bxf4 {[%emt
00:01:13]} Qxf4 {[%emt 00:02:07]} 22. Ne5 {[%emt 00:02:00]} Rfd8 {[%emt
00:11:10]} 23. g3 {[%emt 00:23:51]} Qg5 {[%emt 00:06:14]} 24. Rad1 {[%emt
00:05:43]} h5 {[%emt 00:10:58]} 25. h4 {[%emt 00:04:34]} Qf6 {[%emt 00:02:05]}
26. Rd3 {[%emt 00:04:13]} Ne7 {[%emt 00:01:53]} 27. Nd7 {[%emt 00:01:17]} Qg7
{[%emt 00:11:23]} 28. Nxc5 {[%emt 00:01:10]} Rxd3 {[%emt 00:04:25]} 29. Qxd3
{[%emt 00:00:17]} Nd5 {[%emt 00:01:18]} 30. Qe4 {[%emt 00:02:48]} Rd8 {[%emt
00:01:18]} 31. Rd1 {[%emt 00:03:52]} Qf6 {[%emt 00:01:29]} 32. Qd3 {[%emt
00:03:11]} Rc8 {[%emt 00:02:42]} 33. Nd7 {[%emt 00:02:32]} Qe7 {[%emt
00:01:09]} 34. Ne5 {[%emt 00:00:46]} Qf6 {[%emt 00:01:10]} 35. Nc4 {[%emt
00:00:49]} Qe7 {[%emt 00:06:28]} 36. Rd2 {[%emt 00:04:14]} Qc7 {[%emt
00:03:03]} 37. Na3 {[%emt 00:00:40]} Qe5 {[%emt 00:01:18]} 38. Re2 {[%emt
00:00:58]} Qc7 {[%emt 00:01:36]} 39. Re4 {[%emt 00:01:46]} Qb7 {[%emt
00:00:54]} 40. Nb5 {[%emt 00:00:41]} Qb6 {[%emt 00:00:45]} 41. Rd4 {[%emt
00:00:39]} Kg7 {[%emt 00:00:44]} 42. Qf3 {[%emt 00:00:58]} Qc5 {[%emt
00:00:50]} 43. Rd1 {[%emt 00:02:22]} Qe7 {[%emt 00:00:43]} 44. Qe2 {[%emt
00:01:04]} Qf6 {[%emt 00:00:26]} 45. Rd4 {[%emt 00:01:05]} Nb6 {[%emt
00:01:42]} 46. Nd6 {[%emt 00:01:35]} Rc7 {[%emt 00:00:35]}  1-0

[Event "The Irish Championship 2020"]
[Site "Colaiste Eanna, Dublin, Ireland"]
[Date "2020.08.02"]
[Round "2"]
[Board "10"]
[White "O'Gorman, Tom"]
[Black "O'Connor, Jonathan"]
[Result "1-0"]
[WhiteElo "2345"]
[BlackElo "2159"]
[PlyCount "0"]
[EventDate "2020.08.01"]
[EventRounds "9"]
[EventCountry "IRL"]

1. e4 {[%clk 02:16:05]} {[%emt 00:00:04]} e5 {[%emt 00:00:15]} 2. Nf3 {[%clk
02:16:33]} {[%emt 00:00:03]} Nc6 {[%emt 00:00:16]} 3. Bb5 {[%clk 02:16:56]}
{[%emt 00:00:05]} Nge7 {[%emt 00:00:18]} 4. c3 {[%clk 02:16:29]} {[%emt
00:00:53]} g6 {[%emt 00:01:05]} 5. O-O {[%clk 02:16:07]} {[%emt 00:00:52]} Bg7
{[%emt 00:00:41]} 6. d4 {[%clk 02:06:59]} {[%emt 00:09:13]} exd4 {[%emt
00:01:04]} 7. cxd4 {[%clk 02:07:19]} {[%emt 00:00:09]} d5 {[%emt 00:00:24]} 8.
exd5 {[%clk 02:06:18]} {[%emt 00:01:29]} Nxd5 {[%emt 00:00:24]} 9. Qa4 {[%clk
01:56:17]} {[%emt 00:10:24]} O-O {[%emt 00:07:01]} 10. Bxc6 {[%clk 01:51:51]}
{[%emt 00:00:58]} bxc6 {[%emt 00:00:21]} 11. Nc3 {[%clk 01:37:30]} {[%emt
00:14:44]} Rb8 {[%emt 00:06:24]} 12. Qxa7 {[%clk 01:31:45]} {[%emt 00:06:08]}
Rb7 {[%emt 00:11:16]} 13. Qc5 {[%clk 01:27:41]} {[%emt 00:04:24]} Nb4 {[%emt
00:02:33]} 14. Bg5 {[%clk 01:11:42]} {[%emt 00:16:30]} Qd6 {[%emt 00:24:41]} 15.
Be7 {[%clk 00:58:21]} {[%emt 00:13:43]} Qxc5 {[%emt 00:00:48]} 16. Bxc5 {[%clk
00:58:47]} {[%emt 00:00:04]} Rd8 {[%emt 00:23:58]} 17. Ne5 {[%clk 00:52:14]}
{[%emt 00:06:54]} f6 {[%emt 00:12:27]} 18. Nc4 {[%clk 00:45:48]} {[%emt
00:06:49]} Nd3 {[%emt 00:12:54]} 19. Na4 {[%clk 00:40:36]} {[%emt 00:05:37]}
Rb5 {[%emt 00:08:20]} 20. Rad1 {[%clk 00:32:36]} {[%emt 00:07:00]} Be6 {[%emt
00:06:14]} 21. Na3 {[%clk 00:30:32]} {[%emt 00:02:31]} Nxc5 {[%emt 00:01:39]}
22. Nxc5 {[%clk 00:29:41]} {[%emt 00:01:15]} Rxc5 {[%emt 00:04:45]} 23. dxc5
{[%clk 00:29:33]} {[%emt 00:00:07]} Ra8 {[%emt 00:00:19]} 24. Nc2 {[%clk
00:24:40]} {[%emt 00:05:18]} Rxa2 {[%emt 00:01:51]} 25. Rfe1 {[%clk 00:24:20]}
{[%emt 00:00:41]} Bf7 {[%emt 00:12:07]} 26. Nb4 {[%clk 00:21:22]} {[%emt
00:02:48]} Rxb2 {[%emt 00:01:44]} 27. Nxc6 {[%clk 00:21:42]} {[%emt 00:00:06]}
Bf8 {[%emt 00:00:44]} 28. Ne7+ {[%clk 00:20:41]} {[%emt 00:01:28]} Kg7 {[%emt
00:00:44]} 29. Rd7 {[%clk 00:20:43]} {[%emt 00:00:27]} c6 {[%emt 00:02:37]} 30.
Rc1 {[%clk 00:19:12]} {[%emt 00:01:52]} f5 {[%emt 00:05:24]} 31. Nxc6 {[%clk
00:18:25]} {[%emt 00:01:14]} Kf6 {[%emt 00:00:21]} 32. Nd8 {[%clk 00:15:02]}
{[%emt 00:03:49]} Be8 {[%emt 00:01:05]} 33. Rd5 {[%clk 00:13:44]} {[%emt
00:01:41]} Rb5 {[%emt 00:02:29]} 34. h4 {[%clk 00:12:28]} {[%emt 00:01:41]} Be7
{[%emt 00:05:56]} 35. Re1 {[%clk 00:11:20]} {[%emt 00:01:13]} Bxc5 {[%emt
00:00:44]} 36. Rxc5 {[%clk 00:11:12]} {[%emt 00:00:37]} Rxc5 {[%emt 00:00:20]}
37. Rxe8 {[%clk 00:11:37]} {[%emt 00:00:04]} Rc8 {[%emt 00:00:42]} 38. Re6+
{[%clk 00:11:47]} {[%emt 00:00:19]} Kg7 {[%emt 00:00:52]} 39. Nc6 {[%clk
00:11:43]} Kf7 {[%emt 00:00:40]} 40. Rd6 {[%clk 00:12:10]} {[%emt 00:00:02]}
Rc7 {[%emt 00:01:19]} 41. Ne5+ {[%clk 00:12:20]} {[%emt 00:00:18]} Ke7 {[%emt
00:00:34]} 42. Rc6 {[%clk 00:12:25]} {[%emt 00:00:22]} Rb7 {[%emt 00:00:44]} 43.
g3 {[%clk 00:12:42]} {[%emt 00:00:11]} Rb5 {[%emt 00:00:29]} 44. Nf3 {[%clk
00:13:01]} {[%emt 00:00:08]}  1-0